100 WORDS PART 3 - CLICK IT - Statistics

General Stats
  • This quiz has been taken 10 times
  • The average score is 29 of 100
Answer Stats
Hint Answer % Correct
מסוגל able to
100%
שניהם\ גם וגם both
100%
תחרות competition
100%
בית חולים hospital
100%
ללמוד learn
100%
פעילות activity
50%
הרפתקה adventure
50%
גיל age
50%
למרות ש although
50%
רגוע, שלו calm
50%
זהיר careful
50%
זול cheap
50%
לקוחות customers
50%
תלוי ב depend on
50%
חיסרון disadvantage
50%
להרוויח earn
50%
מספיק enough
50%
להכנס enter
50%
אירופה europe
50%
גיאוגרפיה geography
50%
ממשלה government
50%
לקרות\ קורה happen
50%
בריא healthy
50%
גבוה high
50%
חג\ חופשה holiday
50%
לקוות\ תקווה hope
50%
לשפר\ להשתפר improve
50%
להצטרף, לצרף דבר לדבר join
50%
פחות less
50%
תור line
50%
מנהל manager
50%
מתמטיקה mathematics
50%
חייב must
50%
אסור must not
50%
נקרא על שם named
50%
צפון north
50%
עני, מסכן poor
50%
להעדיף prefer
50%
להכין, להתכונן prepare
50%
פרטי private
50%
פרויקט project
50%
רגיל regular
50%
לשכור rent
50%
מסעדה restaurant
50%
תוצאה result
50%
לחזור\ להחזיר return
50%
מדען scientist
50%
מוכר בחנות shopkeeper
50%
נושא subject
50%
לנסות, לבדוק try out
50%
פעמיים twice
50%
עד untill
50%
מערב west
50%
יתרון advantage
0%
עצה advice
0%
דירה apartment
0%
לפחות at least
0%
מרכז center
0%
לשלוח deliver
0%
משלוח delivery
0%
חדר אוכל dining room
0%
לגלות discover
0%
מזרח east
0%
השפעה effect
0%
מצרים egypt
0%
חוץ מ except for
0%
תשלום fee
0%
דירה\ שטוח flat
0%
להזיק harm
0%
לא מזיק harmless
0%
לזהות identify
0%
עצמאי independent
0%
כדי in order to
0%
סוג\ טוב לב kind
0%
הרבה lots of
0%
יוקרה luxury
0%
ברגע ש\ כש once
0%
מטופל patient
0%
מקצוע profession
0%
תור, לעמוד בתור queue
0%
סיבה reason
0%
כתב, עיתונאי reporter
0%
סיכון risk
0%
שירות service
0%
משלוח, הובלה shipment
0%
מדרכה sidewalk
0%
מיומנויות skills
0%
בקרוב soon
0%
דרום south
0%
מרגל\לרגל spy
0%
סוויטה suite
0%
ניתוח surgery
0%
שלהם their
0%
הכי the most
0%
מחשבה\ חשב thought
0%
עיירה town
0%
מזג אוויר weather
0%
בין אם\ אם whether
0%
בזמן ש while
0%
היה עושה אם would
0%
No matching quizzes found
Score Distribution
Percent of People with Each Score
Percentile by Number Answered
Your Score History
You have not taken this quiz